Bordering Countries Without Tripoints - Statistics

General Stats
  • This quiz has been taken 225 times
    206 since last reset
  • The average score is 28 of 33
Answer Stats
Surrounded Country Answer % Correct
Baltic Sea 1 Russia
98%
Baltic Sea 2 Russia
98%
Baltic Sea 3 Russia
98%
Baltic Sea 2 Belarus
95%
Baltic Sea 3 Belarus
95%
Baltic Sea 1 Lithuania
94%
Baltic Sea 2 Lithuania
94%
Baltic Sea 3 Poland
94%
Baltic Sea 1 Latvia
93%
Burundi D.R. Congo
92%
Rwanda D.R. Congo
92%
Paraguay Brazil
91%
Paraguay Bolivia
89%
Paraguay Argentina
88%
Luxembourg Germany
88%
Luxembourg Belgium
86%
Luxembourg France
86%
Azerbaijan Armenia
85%
Armenia Georgia
85%
Burundi Rwanda
85%
Burundi Tanzania
85%
Malawi Tanzania
85%
Rwanda Tanzania
85%
Armenia Turkey
85%
Azerbaijan Turkey
85%
Rwanda Uganda
85%
Malawi Zambia
85%
Armenia Azerbaijan
84%
Azerbaijan Iran
83%
Malawi Mozambique
83%
Bosnia Croatia
59%
Bosnia Serbia
59%
Bosnia Montenegro
53%
No matching quizzes found
Score Distribution
Percent of People with Each Score
Percentile by Number Answered
Your Score History
You have not taken this quiz since the last reset